000 00948nam a2200289 i 4500
001 11476
003 ES-MaACL
005 20230906150117.0
007 t|
008 930707s1992 sp |||| | spa j
020 _a84-7100-307-4
080 _a008(460:6-17)"19"
080 _a008(6-17)"19"
245 0 0 _aEspaña-Magreb, siglo XXI
_b: el porvenir de una vecindad /
_cBernabé López García (coordinador) ; Abdelkrim Belguendouz ... [et al.].
260 _aMadrid :
_bMAPFRE,
_cD.L. 1992.
300 _a378 p. :
_bmap. ;
_c23 cm.
490 1 _aEl Magreb ;
_v4
504 _aBibliografía.
651 4 _aMagreb-
_xRelaciones-
_zEspaña.
_9154083
651 4 _aMagreb-
_xCivilización.
_99085
651 4 _aEspaña-
_xRelaciones-
_zMagreb.
_9154082
700 1 _aLópez García, Bernabé.
_973658
700 1 _aBelguendouz, Abdelkrim.
_927160
830 0 _aEl Magreb ;
_v4
_9179117
852 _aES-MaACL
_jL-18801
999 _c11476
_d11476